000 00877nas a2200289 4500
001 BR9505179
003 BR-BrBNA
005 20231205094210.0
007 ta
008 230509b bl.|||p| |||| 00| 00por d
040 _aBR-BrBNA
_bpor
_cBiblioteca Nacional de Agricultura
041 _a(Pt)
072 _aF06; F02; F30
100 1 _aSouza, A.F. de
100 1 _aReis, M. de S.
100 1 _aPereira, E.B.
245 1 _aEstudo de cultivares e epocas de semeadura de arroz sob irrigacao por aspersao (pivo central)Jussara-GO, 1986/87
650 _aArroz
650 _aIrrigacao por Aspersao
650 _aVariedade
650 _aSemeadura
650 _aPivo Central
650 _aGoias
773 0 _tCiencia e Pratica (Brazil)
_xISSN 0100-3267
_g(Jan-Mar 1992), v. 16(1) p. 85-87
_wBR9505179
909 _a202311
_bLúcia
_c55
_dLúcia Elande
942 _2AGRIS
_n0
_cANA
999 _c142714
_d142714